Quantitative problems in the biochemical sciences (Record no. 33633)

MARC details
000 -LEADER
fixed length control field 00462nam a2200169Ia 4500
082 ## - DEWEY DECIMAL CLASSIFICATION NUMBER
Classification number 577.1
Item number MON
100 ## - MAIN ENTRY--AUTHOR NAME
Personal name MONTGOMERY, Rex
245 #0 - TITLE STATEMENT
Title Quantitative problems in the biochemical sciences
250 ## - EDITION STATEMENT
Edition statement Ed.2
260 ## - PUBLICATION, DISTRIBUTION, ETC. (IMPRINT)
Place of publication San Francisco
Name of publisher W.H.Freeman
Year of publication 1976
650 ## - SUBJECT ADDED ENTRY--TOPICAL TERM
Topical Term Biochemical energetics
650 ## - SUBJECT ADDED ENTRY--TOPICAL TERM
Topical Term Radiochemistry
650 ## - SUBJECT ADDED ENTRY--TOPICAL TERM
Topical Term Spectrophotometry
700 ## - ADDED ENTRY--PERSONAL NAME
Personal name SWENSON, Charles A
942 ## - ADDED ENTRY ELEMENTS (KOHA)
Koha item type Books
Holdings
Withdrawn status Lost status Damaged status Not for loan Home library Current library Date acquired Full call number Accession Number Koha item type
        RRII Library RRII Library 16/12/2021 577.1 MON 14085 Books